Normal view
MARC view
- Mankin, Don, Cohen, Susan G
Entry Personal Name
001 - CONTROL NUMBER
- control field: 64182
003 - CONTROL NUMBER IDENTIFIER
- control field: NUST
005 - DATE AND TIME OF LATEST TRANSACTION
- control field: 20210628203233.0
008 - FIXED-LENGTH DATA ELEMENTS
- fixed length control field: 210628|| aca||aabn | a|a d
040 ## - CATALOGING SOURCE
- Original cataloging agency: NUST
- Transcribing agency: NUST
100 ## - HEADING--PERSONAL NAME
- Personal name: Mankin, Don, Cohen, Susan G
670 ## - SOURCE DATA FOUND
- Source citation: Work cat.: (NUST): Mankin, Don, Cohen, Susan G, Business without boundaries, an action framework for collaboration across time, distance, organization and culture, 2004
